000 00863nam a22001937a 4500
005 20230906125020.0
010 _aHIN-125830
020 _c6 50.00
_a9789381234808
035 _aHN-98176
037 _bDBAD/PUB
082 _a340.1
100 _aत्रिपाठी, श्रीप्रकाश मणि
_956029
245 _aराजनीतिक सिद्धांत के नवीन पक्ष /
_cश्रीप्रकाश मणि त्रिपाठी
260 _aदिल्ली
_bअंकित पब्लिकेशन्स
_c2018
270 _aआर -69, तीसरा तल, मॉडल टाउन-3
_bदिल्ली
_e110009
300 _a230 पृ.
_c23 सेमी.(सजिल्द)
710 _955954
942 _2ddc
_cHN
_mत्रिपाठी
_h340.1
999 _c197902
_d197902